| 000 | 00705nam a2200217Ia 4500 | ||
|---|---|---|---|
| 003 | GCL | ||
| 008 | 140319s9999 xx 000 0 ara d | ||
| 040 |
_aGCL / _cGCL |
||
| 082 | 0 | 4 |
_a254.1 _bم ح |
| 100 | 1 | _aمحمد رأفت عثمان | |
| 245 | 1 | 0 |
_aالحقوق الزوجية المشتركة فى الفقه الاسلامى / _cمحمد رأفت عثمان |
| 300 | _a221 | ||
| 490 |
_aكتاب _v0 |
||
| 650 | 0 | 4 | _aالزواج |
| 650 | 0 | 4 | _aالفقه الاسلامى |
| 650 | 0 | 4 | _aالزواج فى الاسلام |
| 650 | 0 | 4 | _aالاسرة فى الاسلام |
| 650 | 0 | 4 | _aالحقوق الزوجية |
| 650 | 0 | 4 | _aالزواج والشريعة الاسلامية |
| 942 |
_2ddc _cBK |
||
| 999 |
_c42522 _d42522 |
||